IX. ročník Cyrilometodských dní v Terchovej 1998 /

Uloženo v:
Podrobná bibliografie
Korporativní autor: Cyrilometodské dni v Terchovej Terchová, Slovensko
Další autoři: Cabadaj, Peter 1966- (Sestavovatel, kompilátor)
Médium: Konferenční příspěvek Kniha
Jazyk:slovenština
Vydáno: Terchová : Miestne kultúrne stredisko
Vydání:[1. vyd.]
Témata:
ISBN:8088864135
On-line přístup: Získat plný text
Tagy: Přidat tag
Žádné tagy, Buďte první, kdo vytvoří štítek k tomuto záznamu!

MARC

LEADER 00000nam a2200000 4500
003 SK-BrCVT
005 20260326132737.0
008 221214c xo slo
020 |a 8088864135  |c 40.00 Sk 
035 |a CVTIDW0014815 
040 |a CVTISR  |c CVTISR  |e AACR2  |b slo  |d CVT 
041 |a slo 
044 |a xo  |c SK 
072 |2 CVT 
111 |a Cyrilometodské dni v Terchovej  |n (9. :  |d 1998 :  |c Terchová, Slovensko) 
245 0 |a IX. ročník Cyrilometodských dní v Terchovej 1998 /  |c Zost.: Peter Cabadaj 
250 |a [1. vyd.] 
260 1 |a Terchová :  |b Miestne kultúrne stredisko 
300 |a 25 s. 
655 4 |a informačný materiál  |9 35567 
700 1 |a Cabadaj, Peter  |d 1966-  |4 com 
910 |a 1382  |b P980435 
919 |a 80-88864-13-5 
974 |a cvti cvti  |b Jana Rakovická 
992 |a AIM 
999 |c 279297  |d 279297